MDQL
is popping MORE tags! Check the
thread
!
Quizzes
Events
Quiz Creation
Community
Videos
Private Events
Remove Ads
Sign In
Join for FREE
Feedback
Dark Mode
Quiz Categories
Sports
Geography
Music
Movies
Television
Just For Fun
Miscellaneous
History
Literature
Language
Science
Gaming
Entertainment
Religion
Holiday
For Kids
Quiz Lab
Recent
Popular Today
Quiz Kudos Today
Editor Picks
Curator Picks
Quizzes by...
Day
Popularity
Type
Ratings
Length
Year
Community
Subscriptions
Recent Discussions
Orange Saloon
Badges
Playlists
Quests
Create
Leaderboards
Showdown
Live 5
Trivia Bingo
Activity
Puzzle Library
Sporcle Events
Private Events
Virtual Trivia
Globe League
Become a Host
Pub Owners
SporcleCon
Opinionation
Our Games
Videos
Blog
Mobile Apps
Partnerships
Remove Ads and Go Orange
Feedback
Television
TV Characters
TV Show
Sitcom
Network
Friends
Reality Shows
Cast
South Park
Star Trek
The Simpsons
Doctor Who
Television
TV Characters
TV Show
Sitcom
Network
Friends
Reality Shows
Cast
South Park
Star Trek
The Simpsons
Doctor Who
Random Quiz
Search Sporcle
×
Quiz Lab
Quiz Lab
Television
Red Dwarf
Type in answers that appear in a list
Type in answers that appear in a list
Classic
Best Score? Go Orange.
Red Dwarf Seasons 1-3 Episodes Stats
Can you name the Red Dwarf Episode?
By
GaryNightingale
5m
18 Questions
250 Plays
250 Plays
250 Plays
Comments
Comments
Give Quiz Kudos
Give Quiz Kudos
-
- Ratings
hide this ad
More Info
Replay
Link that replays current quiz
Next Quiz
Link to next quiz in quiz playlist
You Got
0%
They Got
Avg Score
80%
Avg Friend Score
Upgrade to see
Score Distribution
Jump to the score distribution portion of the page
Score
0/18
Timer
05:00
0
Plays Today
Hint
Episode Name
% Correct
Dave Lister is put into suspended animation to keep his cat alive! He is released 3 million years later to find everyone dead. Well almost everyone...
The End
98%
Red Dwarf intercepts an SOS distress call and they expect to find female crew members but only manage to find a mechanoid named Kryten
Kryten
88.8%
They lose faith in Holly...he takes revenge
Queeg
88%
A time barrier called a 'Stasis Leak' is found on Floor 16 and it takes the crew back in time on Red Dwarf three million years earlier, to a point three weeks before the disaster
Stasis Leak
86.8%
Rimmer creates his perfect companion, an identical hologrammatic duplicate of himself. He moves out of his quarters he shares with Lister and starts rooming with his doppelgänger
Me
86%
Red Dwarf breaches light speed...you know the rest
Future Echoes
85.6%
The crew become radically different people after they encounter a horiffic transforming creature
Polymorph
84%
Rimmer suggests that the perfect way to help Lister get 'healthy' is swapping bodies
Bodyswap
83.6%
Lister contracts a mutated pneumonia virus. The hallucinations of his fevered brain materialise in solid form
Confidence and Paranoia
82.8%
Hint
Episode Name
% Correct
TIME HOLE! ORANGE SWIRLY THING!!
Backwards
81.6%
A post pod carrying a three million year old bag of mail arrives and there is some interesting post
Better Than Life
79.6%
The crew abandon ship as Holly sees five black holes in the direct flight path of Red Dwarf. Lister and Rimmer become stranded on an ice planet. Dog food or Pot Noodle?
Marooned
79.6%
The developing fluid that Kryten uses to process old photographs mutates and the photographs come alive.
Timeslides
79.6%
The crew wake up after celebrating the anniversary of Rimmer's death, only to find four whole days have passed and they've got no memories of the previous four days.
Thanks For The Memory
74%
Kryten is ordered to be dismantled within 24 hours and is to be replaced by Hudzen-
10
The Last Day
73.2%
Rimmer finds a garbage pod which he believes to be aliens. Dave Lister finds out he is the cat god 'Cloyster the Stupid'
Waiting For God
70%
The Dwarfers test Holly's new invention, the 'Holly Hop Drive....A female Rimmer???
Parallel Universe
68.4%
Dave Lister wants a date with Kristine Kochanski's hologram but Rimmer won't let him switch him off. Dave Lister decides to take the Chef exam to become most important crew member
Balance Of Power
64.8%
Quiz Playlist
Details
Report
Send in Message
Add To Playlist
More Info:
The first three series of Red Dwarf are superb...but can you name the episode names?
Classic:
Type in answers that appear in a list
Last Updated: Feb 16, 2017
Quiz Scoreboard
CHALLENGE
Sign Up to Join the Scoreboard
Show All
Scores
Hide
Comments
May contain spoilers
Recently Published
Find the 'City' Movie
by crazypaving
Movies
60s
5x2 Blitz: Bands
by SL_Kpop136
Music
30s
Colored Red Africa Blitz
by spor1
Geography
30s
More to Explore
Quiz From the Vault
Featured Blog Post
14 Easter Pick-up Lines to Find Eggs With
hide this ad
You Might Also Like...
Tags
1-3
Dwarf
episode
Red
Red Dwarf
season
Today's Top Quizzes in Television
Browse Television
hide this ad
Today's Top Quizzes in Red Dwarf
Browse Red Dwarf
Top Contributed Quizzes in Television
1
Survivor Journey Challenge
2
Brooklyn Nine Nine Logic Puzzle (How-To-Play)
3
Phoebe Buffay Quotes
4
One Tree Hill Logic Puzzle
5
Survivor Logic Puzzle: Heroes vs. Villains
6
Survivor Trivia
7
Game of Thrones: Tywin Lannister Start to Finish
8
All US Survivor Seasons in Order
9
Emmerdale Characters (from August 2012)
10
Survivor Trivia #6: Criteria Quiz!
Explore More
Trending Topics
Harry Potter
NBA
Disney
Crossword
Kpop
Marvel
Anime
Country
The Office
WWE
Soccer
NFL
Song
Puzzle
Pokémon
hide this ad
More By:
GaryNightingale
Quiz
Plays
Rating
Category
Featured
Created
Mortal Kombat 2 Roster
1,202
4.00
Gaming
Nov 4, 2010
Tekken 2 roster
539
4.00
Gaming
Nov 4, 2010
Can you name the Metal vocalists
396
3.50
Music
Dec 5, 2010
Elder Scrolls IV: Oblivion Ingredients
325
3.71
Gaming
Nov 4, 2010
Arsenal FC Records
260
2.00
Sports
Dec 5, 2010
Go to Creator's Profile
Score Distribution
Quiz Creator Spotlight
GaryNightingale
Follow
Send a Message
Quizzes Created
-
Created Quiz Play Count
-
More By This Creator
Popular Quizzes Today
1
Find the 'City' Movie
2
Colored Red Africa Blitz
3
5x2 Blitz: Bands
4
Find the US States - No Outlines Minefield
5
The Countries of the World
6
Find the US States
7
US States
8
9x9 Crossword: Cartoon Network
More Television Quizzes
The Simpsons Pilot Characters Minefield
Quiz Lab
Trending Quizzes
Colored Red Europe Blitz I
Colored Red Africa Blitz II
Colored Red Europe Blitz II
Colored Red Europe Blitz III
Colored Red Africa Blitz III
Recently Updated
Famous TV Couples
Peacemaker
Champions League XIs: Real Madrid
pecheneg
Largest US Cities 1790-2010
pecheneg
Rides in Walt Disney World
pecheneg
Most Oscar Losses (Acting)
pecheneg
Beyoncé Albums
pecheneg
Leaping Animals
pecheneg
Reality TV Shows (A-Z)
bhenderson79
Rickey Henderson's Hall of Fame Teammates
pecheneg
Champions League XIs: Arsenal
pecheneg
Trending Topics
Marvel
Anime
Harry Potter
Disney
Kpop
Crossword
NBA
Pokémon
The Office
WWE
Soccer
Song
NFL
Puzzle
Country
Your Account Isn't Verified!
In order to create a playlist on Sporcle, you need to verify the email address you used during registration. Go to your
Sporcle Settings
to finish the process.
Report this User
Report this user for behavior that violates our
Community Guidelines
.
Details:
Send Report
Go to the Sporcle.com Mobile Site →
Comments